000 00496nam a2200205Ia 4500
001 3003
003 GE_BSU
008 181216s||||||||xx |||||||||||||| ||und||
020 _a5857330866
040 _cGE_BSU
080 _a330.1(075.8)
245 _aМакроэкономика
245 _cПод. ред. Е.Б. Яковлевой
260 _aСПб
260 _c1997
300 _a380 с. 20 см.
541 _h7 л. 65 т.
653 _aМакроэкономика
942 _cBK
999 _c37049
_d37049